000 02049nam0a2200337 4500
001 RU\NLR\BIBL_A\011913647
005 20190315154220.0
010 _a978-5-8424-0899-3
_9500
021 _aRU
_bКН-П-18-097747
_9КН-П-18-7088
035 _a(NLR Aleph) 011913647
035 _a(RuMoRGB)009841600
090 _a10950611
_c10950611
100 _a20190121d2018 k y0rusy50 ca
101 0 _arus
102 _aRU
105 _aa|||z|||000zy
200 1 _aРазвитие учетно-методического обеспечения экспресс-анализа деятельности организации
_eмонография
_fС. В. Панкова, Л. В. Пасечникова, О. В. Киселева
_gМинистерство образования и науки Российской Федерации, Орский гуманитарно-технологический институт (филиал) Государственного бюджетного образовательного учреждения высшего образования "Оренбургский государственный университет"
210 _aОрск
_cИзд-во Орского гуманитарно-технологического института
_d2018
215 _a254 с.
_cил., табл.
_d21
320 _aБиблиогр.: с. 193-206 (188 назв.)
606 1 _aПредприятия
_xАнализ хозяйственной деятельности
_92078960
_3RU\NLR\AUTH\661254827
686 1 _aУ053.9(2)
686 1 _aУ6(2)19
700 1 _aПанкова
_bС. В.
_gСветлана Валентиновна
701 1 _aПасечникова
_bЛ. В.
_gЛариса Викторовна
701 1 _7ca
_8rus
_aКиселева
_bО. В.
_cканд. экон. наук, менеджмент
_gОльга Вячеславовна
_92648671
_3RU\NLR\AUTH\770276704
942 _cBOOK
980 _aNBR
980 _aNB